Hydraulic Fluid Power Fundamentals, Applications, and Circuit Design /
Guardado en:
| Autor principal: | |
|---|---|
| Formato: | Libro |
| Lenguaje: | inglés |
| Publicado: |
NJ USA
John Wiley
2021
|
| Edición: | 1. vyd. |
| Materias: | |
| Etiquetas: |
Sin Etiquetas, Sea el primero en etiquetar este registro!
|
MARC
| LEADER | 00000nam a22000003a 4500 | ||
|---|---|---|---|
| 001 | 0109629 | ||
| 003 | SK-STU | ||
| 005 | 20240531093407.5 | ||
| 007 | ta | ||
| 008 | 240531s ----xo-----e------000-0-----d | ||
| 020 | |a 978-1-56911-4 | ||
| 040 | |a STU |b slo | ||
| 041 | 0 | |a eng | |
| 080 | |a 621.2-dc23 | ||
| 100 | 1 | |a Vacca Andrea |4 aut | |
| 245 | 1 | 0 | |a Hydraulic Fluid Power |b Fundamentals, Applications, and Circuit Design / |c aut. Vacca Andrea |
| 250 | |a 1. vyd. | ||
| 260 | |a NJ USA |b John Wiley |c 2021 | ||
| 300 | |a 682 s. | ||
| 650 | 0 | 7 | |a hydraulické stroje |
| 996 | |b 284J047589 |c J* 119622 |l JJSK |s A |a 24 |w 0109629_0001 | ||